000 01148nam a22003617a 4500
001 BR7802547
003 BR-BrBNA
005 20230928085555.0
007 ta
008 230509b bl.||||| |||| 00| 0 por d
040 _aBR-BrBNA
_bpor
_cBiblioteca Nacional de Agricultura
041 _a(Por)
072 _aF60; F00; F27
_b1953
090 _ 1953 BR7802547
100 1 _aDhein, R.V.
110 1 _aUniversidade Federal do Rio Grande do Sul, Porto Alegre (Brasil). Faculdade de Agronomia
_0Tese (Mestre em Solos)
245 1 _aEfeitos de periodos de irrigacao e epocas de corte sobre a producao de materia seca e proteina bruta em alfafa (Medicago sativa L.)
260 3 _aPorto Alegre, RS (Brasil):
_c1977.
300 _a84 p.
500 _a7 illus.; 13 tables; Bibliography p. 64-69 (69 ref.); Summaries (Eng, Por)
650 _aAlfafa
650 _aCultura irrigada
650 _aCorte
650 _aMateria seca
650 _aProteina
650 _aRendimento
650 _aFloracao
650 _aColheita
650 _aAbsorcao
650 _aEvapotranspiracao
909 _a202309
_bLucia
_c55
_dLucia Elande
942 _cBK
999 _c25169
_d25169